Штаты Музея Революции Союза ССР

Доступно только в Электронных читальных залах Найти на картеНа карте
RUSMARC
00003871nac2a22002653x 450
00140f2d11c-642f-4c10-96b2-644d6a67109b
00520220204144519.0
100##$a20211219l19261927k y0rusy50 ca
1010#$arus
102##$aRU
105##$ay z |||||
1222#$ad19260507
$ad19270310
2001#$aШтаты Музея Революции Союза ССР
$j07.05.1926 - 10.03.1927
215##$a36 листов
251##$cДело
300##$aВ деле обратная нумерация листов
300##$aЧасть текста машинописная, часть - напечатана типографским способом
324##$aВ деле имеются копии отдельных документов
461#0$1001796d4672-8a00-4986-b488-6e42273792cc
$12001
$aЦЕНТРАЛЬНЫЙ ИСПОЛНИТЕЛЬНЫЙ КОМИТЕТ СССР (ЦИК СССР)
$1251
$cФонд
$1852
$j3316
$gР
462#0$1001e365b2fb-f374-4764-a068-dc9012f0aaee
$12001
$aДела Секретариата Президиума ЦИК Союза ССР за 1926 г.
$vД. 155
$1251
$cОпись
$1852
$j19
60102$3RU\NLR\AUTH\8810067276
$aМузей революции СССР
$cМосква
60101$3RU\NLR\AUTH\880357276
$aСССР
$bЦИК
801#0$aRU
$bGA_RF
801#1$aRU
$bГлавНИВЦ
$c20211219
$2rusmarc
801#2$aRU
$bПБ им. Б.Н. Ельцина
$c20220204
$gRCR
$2rusmarc
852##$aГА РФ
$j155
937##$d173874210
$hГАРФ
035##$aRuPRLIB51066358
856##$uhttp://readingroom.main.prlib.ru/item.aspx?id_node=n173874210&mode=full
Формат отображения